000 00455nam a2200157 i 4500
001 89833
003 ES-MaACL
005 20230906180301.0
007 t|
008 050114s1935 fr ||||1| fre d
100 1 _aLauvrière, Emile.
_970668
245 1 3 _aLe génie morbide d'Edgar Poe
_b: poésies et contes /
_cEmile Lauvrière.
260 _aParis :
_bDesclée de Brouwer,
_c1935.
300 _a419 p., 1 lám. ;
_c20 cm.
852 _aES-MaACL
_jA-4020
999 _c89833
_d89833